000 00884nam a2200277 a 4500
001 29015
003 BD-RjUL
005 20211209051347.0
008 140402s1994 bg b b 001 0 eng
020 _a9840690086
035 _a(BD-RjUL)29100
040 _aDLC
_cDLC
_beng
_dBD-RjUL
041 _aeng
082 0 0 _a954.14
_221
_bHOB 1994
100 1 _aHoque, M. Inamul.
_984991
245 1 0 _aBengal towards the close of Aurangzib's reign (1690-1707) /
_cM. Inamul Hoque.
250 _a1st ed.
260 _aDhaka :
_bIslamic Foundation Bangladesh,
_c1994.
300 _axxxiv, 371 p. :
_bill., maps ;
_c22 cm.
504 _aIncludes bibliographical references (p. [358]-371) and index.
600 0 0 _aAurangzeb,
_cEmperor of Hindustan,
_d1618-1707.
_988637
651 0 _aBengal (India)
_xHistory.
_988633
942 _2ddc
_cBK
999 _c29015
_d29015